Loading...

Direct taxes : Proposals for reform

Bibliographic Details
Main Author: Surekha, P
Other Authors: Vaish, Op
Format: Printed Book
Language:Undetermined
English
Published: New Delhi Vikas publishing house Pvt Ltd 1978
Subjects:
LEADER 00620nam a2200193Ia 4500
008 140306s9999 xx 000 0 und d
041 |a eng 
082 |a 336  |b VAI/DI 
100 |a Surekha, P 
700 |a Vaish, Op 
245 |a Direct taxes : Proposals for reform 
260 |a New Delhi  |b Vikas publishing house Pvt Ltd  |c 1978 
650 |a Corporate tax 
650 |a Income 
650 |a Public finance 
650 |a Revenue expenditure 
942 |2 ddc  |c BK 
999 |c 114172  |d 114172 
952 |0 0  |1 0  |2 ddc  |4 0  |6 336_000000000000000_VAIDI  |7 0  |9 112137  |a KAUHCV  |b KAUHCV  |d 2004-04-20  |o 336 VAI/DI  |p KAU_HCV-9172  |r 2014-03-22  |w 2014-03-22  |y BK